01157nam a2200301Ia 4500001001200000003000800012006001900020007001500039008004100054010001700095020001800112020001500130040002100145035002100166050002500187100002800212245011400240260005100354300001100405504005100416533015200467650002100619650003200640651001100672655002900683710001700712856012600729ebr10563895CaPaEBRm u cr cn|||||||||091120s2010 azu sb s001 0 eng d z 2009046053 z9780816527236 z0816527237 aCaPaEBRcCaPaEBR a(OCoLC)76025026014aQH331b.L5276 2010eb1 aLenart, Melanie,d1961-10aLife in the hothouseh[electronic resource] :bhow a living planet survives climate change /cMelanie Lenart. aTucson :bUniversity of Arizona Press,cc2010. a236 p. aIncludes bibliographical references and index. aElectronic reproduction.bPalo Alto, Calif. :cebrary,d2011.nAvailable via World Wide Web.nAccess may be limited to ebrary affiliated libraries. 0aGaia hypothesis. 0aGlobal temperature changes. 0aEarth. 7aElectronic books.2local2 aebrary, Inc.40uhttp://site.ebrary.com/lib/rucke/Doc?id=10563895zAn electronic book accessible through the World Wide Web; click to view